Di truyền phân tử
Nội dung sách giới thiệu cấu trúc chức năng và phần tử DNA, sự điều hòa của gen và sự thay đổi di truyền.
সংরক্ষণ করুন:
| প্রধান লেখক: | |
|---|---|
| বিন্যাস: | গ্রন্থ |
| ভাষা: | Undetermined |
| প্রকাশিত: |
Tp.Hồ Chí Minh
Nông nghiệp
2008
|
| বিষয়গুলি: | |
| ট্যাগগুলো: |
ট্যাগ যুক্ত করুন
কোনো ট্যাগ নেই, প্রথমজন হিসাবে ট্যাগ করুন!
|
| Thư viện lưu trữ: | Trung tâm Học liệu Trường Đại học Cần Thơ |
|---|
| LEADER | 00960nam a2200217Ia 4500 | ||
|---|---|---|---|
| 001 | CTU_192036 | ||
| 008 | 210402s9999 xx 000 0 und d | ||
| 082 | |a 581.15 | ||
| 082 | |b B566 | ||
| 100 | |a Bùi, Chí Bửu | ||
| 245 | 0 | |a Di truyền phân tử | |
| 245 | 0 | |c Bùi Chí Bửu, Nguyễn Thị Lang | |
| 260 | |a Tp.Hồ Chí Minh | ||
| 260 | |b Nông nghiệp | ||
| 260 | |c 2008 | ||
| 520 | |a Nội dung sách giới thiệu cấu trúc chức năng và phần tử DNA, sự điều hòa của gen và sự thay đổi di truyền. | ||
| 526 | |a Di truyền phân tử nâng cao,Bộ gen học nâng cao,Bộ gene học nâng cao,Di truyền phân tử vi sinh vật,Di truyền phân tử | ||
| 526 | |b CS904,CS907,CSS604,CSV604,CS611 | ||
| 650 | |a Genetic engineering,Kỹ thuật gen | ||
| 904 | |i Tuyến | ||
| 980 | |a Trung tâm Học liệu Trường Đại học Cần Thơ | ||